000 00510nam a2200193Ia 4500
005 20250423095824.0
008 250422s9999 xx 000 0 und d
020 _a9780198814351
050 _aJZ 1242 .J33/
100 _aJackson, Robert
245 0 _aIntroduction to international relations: theories and approaches
250 _a5th ed.
260 _aNew Delhi
260 _bOxford University Press
260 _c2013
300 _a348 p
650 _a International relations.
942 _cBK
999 _c31434
_d31434